21 Closest Continental Non-Bordering Country Pairs by Geographical Center - Statistics

General Stats
  • This quiz has been taken 98 times
  • The average score is 34 of 42
Answer Stats
Country % Correct
Croatia
96%
Croatia
96%
Kosovo
93%
Kosovo
93%
Austria
92%
Bosnia and Herzegovina
92%
Bosnia and Herzegovina
92%
Bosnia and Herzegovina
92%
Bosnia and Herzegovina
92%
San Marino
92%
San Marino
92%
San Marino
92%
Serbia
92%
Slovenia
92%
Slovenia
92%
Albania
90%
Albania
90%
Hungary
90%
Luxembourg
88%
Luxembourg
88%
Luxembourg
88%
Bulgaria
86%
Montenegro
86%
Vatican City
86%
Liechtenstein
85%
Macedonia
85%
Netherlands
85%
Switzerland
84%
Switzerland
84%
Monaco
81%
Estonia
70%
Lithuania
70%
El Salvador
64%
Belize
62%
Belize
62%
Honduras
59%
Gambia
56%
Guinea-Bissau
55%
Lebanon
49%
Jordan
48%
Bhutan
44%
Bangladesh
41%
No matching quizzes found
Score Distribution
Percent of People with Each Score
Percentile by Number Answered
Your Score History
You have not taken this quiz